BIBLIOTECA

SENCICO

Sicología de la comunicación social / (Registro nro. 144)

Detalles MARC
000 -LEADER
fixed length control field 01247nam a2200265Ia 4500
003 - CONTROL NUMBER IDENTIFIER
control field PE SENCICO BE
005 - DATE AND TIME OF LATEST TRANSACTION
control field 20251020182427.0
008 - FIXED-LENGTH DATA ELEMENTS--GENERAL INFORMATION
fixed length control field 200515s9999 xx 000 0 und d
040 ## - CATALOGING SOURCE
Original cataloging agency PE SENCICO BE
Transcribing agency PE SENCICO BE
041 ## - LANGUAGE CODE
Language code of text/sound track or separate title spa
082 ## - DEWEY DECIMAL CLASSIFICATION NUMBER
Classification number 302
Item number M21
100 1# - MAIN ENTRY--PERSONAL NAME
Personal name Maletzke, Gerhard
9 (RLIN) 2319
Relator term autor
245 10 - TITLE STATEMENT
Title Sicología de la comunicación social /
Statement of responsibility, etc. Gerhard Maletzke
250 ## - EDITION STATEMENT
Edition statement 4a ed.
260 ## - PUBLICATION, DISTRIBUTION, ETC.
Place of publication, distribution, etc. Quito :
Name of publisher, distributor, etc. Epoca ;
Date of publication, distribution, etc. 1976
300 ## - PHYSICAL DESCRIPTION
Extent 367 p. :
Other physical details il., tbl., graf. ;
Dimensions 21 cm.
490 ## - SERIES STATEMENT
Series statement Intiyan
505 0# - FORMATTED CONTENTS NOTE
Formatted contents note Condiciones y conceptos básicos de la sicología de la comunicación social -- Factores en el campo de la comunicación social -- Las relaciones en el campo de la comunicación social -- Los efectos de la comunicación social.
520 3# - SUMMARY, ETC.
Summary, etc. Analiza los diversos factores que intervienen en el proceso de la comunicación social y en sus interrelaciones. El profesor Maletzke maneja el tema documental y sistemáticamente .encuentra una lógica secuencial entre los elementos de la comunicación y su entorno.
650 10 - SUBJECT ADDED ENTRY--TOPICAL TERM
Topical term or geographic name entry element Psicología social
9 (RLIN) 2299
650 20 - SUBJECT ADDED ENTRY--TOPICAL TERM
Topical term or geographic name entry element Comunicación social
9 (RLIN) 2320
650 20 - SUBJECT ADDED ENTRY--TOPICAL TERM
Topical term or geographic name entry element Medios de comunicación de masas
9 (RLIN) 2321
650 20 - SUBJECT ADDED ENTRY--TOPICAL TERM
Topical term or geographic name entry element Percepción social
9 (RLIN) 2322
942 ## - ADDED ENTRY ELEMENTS (KOHA)
Koha item type Libros
Source of classification or shelving scheme Dewey Decimal Classification
Existencias
Fecha de la última vez que lo usaron Número de ingreso o de inventario Pago total Signatura topográfica completa Código de barras Precio efectivo desde Tipo de documento Estado perdido Sistema de clasificación Estado dañado No es para préstamo Retirado Ubicación permanente Ubicación actual Fecha de adquisición
15/05/2020 754   302/M21 BibLima24060040 15/05/2020 Libros   Dewey Decimal Classification       Biblioteca Central Lima Biblioteca Central Lima 15/05/2020